Normal view
MARC view
- شرحه وأشرف على طباعته الحكيم، قدري
Entry Personal Name
001 - CONTROL NUMBER
- control field: 52103
003 - CONTROL NUMBER IDENTIFIER
- control field: JO-AjAnu
005 - DATE AND TIME OF LATEST TRANSACTION
- control field: 20230606082552.0
008 - FIXED-LENGTH DATA ELEMENTS
- fixed length control field: 230606|| aca||aabn | a|a d
040 ## - CATALOGING SOURCE
- Original cataloging agency: JO-AjAnu
- Transcribing agency: JO-AjAnu
100 ## - HEADING--PERSONAL NAME
- Personal name: شرحه وأشرف على طباعته الحكيم، قدري
670 ## - SOURCE DATA FOUND
- Source citation: Work cat.: (JO-AjAnu)26628: شرحه وأشرف على طباعته الحكيم، قدري, author, نوح العندليب: ديوان شاعر الشام شفيق جبري